| 000 | 00776nam a2200217 i 4500 | ||
|---|---|---|---|
| 001 | 77640 | ||
| 003 | ES-MaACL | ||
| 005 | 20230906173322.0 | ||
| 007 | t| | ||
| 008 | 041028s2003 sp ||||1| spa d | ||
| 020 | _a84-607-9072-X | ||
| 080 | _a091 Códice albeldense | ||
| 100 | 1 |
_aGarcía Turza, Claudio. _955348 |
|
| 245 | 1 | 4 |
_aLas glosas del Códice Albeldense _b: (Biblioteca del Real Monasterio de El Escorial, Ms.D.I.2.) / _cedición y estudio Claudio García Turza. |
| 260 |
_aLogroño : _bFundación San Millán de la Cogolla, _c2003. |
||
| 300 |
_a252 p. : _bfacs. ; _c31 cm. |
||
| 630 | 0 | 7 |
_aCódice albendense. _9120011 |
| 650 | 1 | 4 |
_aGlosas marginales. _913129 |
| 710 | 2 |
_aFundación San Millán de la Cogolla. _94413 |
|
| 852 |
_aES-MaACL _jL-28378 _bR.134278 |
||
| 999 |
_c77640 _d77640 |
||